00153nam a2200061Ia 4500008004100000100001700041245003300058120527s9999 xx 000 0 und d aAmstream, E. aExploration in basic biology